Accommodating household growth - problems and opportunities for the eastern region (Record no. 104868)

MARC details
000 -LEADER
fixed length control field 01497cam a2200181 4500
001 - CONTROL NUMBER
control field ##L131845
008 - FIXED-LENGTH DATA ELEMENTS--GENERAL INFORMATION
fixed length control field 051212n1999 000 0 eng u
035 ## - SYSTEM CONTROL NUMBER
System control number (Sirsi) u131845
041 0# - LANGUAGE CODE
Language code of text/sound track or separate title eng
100 1# - MAIN ENTRY--PERSONAL NAME
Personal name Morrison, Nicky
245 00 - TITLE STATEMENT
Title Accommodating household growth - problems and opportunities for the eastern region
260 ## - PUBLICATION, DISTRIBUTION, ETC.
Place of publication, distribution, etc. London
Name of publisher, distributor, etc. RICS
Date of publication, distribution, etc. 1999
520 ## - SUMMARY, ETC.
Summary, etc. The Eastern Region of England faces considerable pressure for household growth, both indigenous and from high cost areas such as London. These pressures, however, cannot be easily accommodated in light of current planning policy priorities. Yet, resisting housing growth will impact on housing costs across the counties, with lower income households finding it increasingly difficult to afford to live in the region. This paper stems from research undertaken for the National Housing Federation and Institute of Housing. It focuses on the particular problems for the Eastern region, including lack of recycled sites within existing urban areas and barriers to housing provision within market towns and villages. It examines the impact on affordability and access to adequate housing if accommodation is not made available. It concludes by assessing the possible strategies for accommodating additional housing growth within the region.
520 ## - SUMMARY, ETC.
Summary, etc. This item is no longer available.
690 ## - LOCAL SUBJECT ADDED ENTRY--TOPICAL TERM (OCLC, RLIN)
Topical term or geographic name as entry element ENVIRONMENTAL AND LAND CONSULTANCY-PLANNING AND DEVELOPMENT-STRATEGIC PLANNING
700 1# - ADDED ENTRY--PERSONAL NAME
Personal name Marshall, Dawn
942 ## - ADDED ENTRY ELEMENTS (KOHA)
Suppress in OPAC 0
Holdings
Withdrawn status Lost status Source of classification or shelving scheme Damaged status Not for loan Home library Current library Shelving location Date acquired Total Checkouts Barcode Date last seen Copy number Price effective from Koha item type
    Dewey Decimal Classification     Virtual Virtual Online 12/12/2005   131845-1001 06/08/2019 1 06/08/2019 Book